[Event "13th Dubai open 2011"]
[Site "Dubai Chess club"]
[Date "2011.04.14"]
[Round "5"]
[Board "1"]
[White "Koohestani, Sh"]
[Black "Salem A R, Saleh"]
[Result "0-1"]
[WhiteElo "2345"]
[BlackElo "2511"]
[PlyCount "82"]
[EventDate "2011.04.10"]
[EventRounds "9"]
[EventCountry "UAE"]

1.d4 Nf6 2.c4 g6 3.Nc3 Bg7 4.Nf3 O-O 5.g3 c5 6.Bg2 cxd4 7.Nxd4 Qc7 8.b3 d5
9.Ndb5 Qa5 10.Bd2 dxc4 11.bxc4 Nc6 12.Nd5 Qd8 13.Bc3 Nxd5 14.cxd5 Ne5 15.O-O Bd7
16.Rb1 a6 17.Nd4 Rc8 18.Qb3 Rc4 19.Rbc1 Qc8 20.Bb2 b5 21.Nf3 a5 22.Ba3 Nxf3+
23.Bxf3 Qc7 24.Qd3 Bf5 25.d6 Rxc1 26.Bxc1 Qd7 27.e4 Be6 28.Rd1 exd6 29.Bf4 b4
30.Qa6 Qa4 31.Bxd6 Re8 32.Bc5 Bxa2 33.Be2 Be6 34.Rd2 Bc3 35.Rd1 Qc2 36.Qb5 Rc8
37.Be3 Qxe4 38.Qxa5 b3 39.Qb6 b2 40.Bh6 Bd2 41.Qxb2 Bxh6

[Event "13th Dubai open 2011"]
[Site "Dubai Chess club"]
[Date "2011.04.14"]
[Round "5"]
[Board "1"]
[White "Al-Sayed,  Mohammed"]
[Black "Udeshi, Aditya"]
[Result "1-0"]
[WhiteElo "2485"]
[BlackElo "2362"]
[PlyCount "85"]
[EventDate "2011.04.10"]
[EventRounds "9"]
[EventCountry "UAE"]

1.d4 Nf6 2.c4 e6 3.Nc3 Bb4 4.Qc2 O-O 5.a3 Bxc3+ 6.Qxc3 b5 7.cxb5 c6 8.f3 Nd5
9.Qd2 f5 10.e3 cxb5 11.Nh3 Nc6 12.Bxb5 Na5 13.Qd3 Qb6 14.Bd2 Rb8 15.a4 a6 16.b4
Nb7 17.Bxa6 Nxb4 18.Bxb4 Qxb4+ 19.Kf2 Nc5 20.dxc5 Qb2+ 21.Kg3 Rf6 22.Nf4 g5
23.Ne2 Rb3 24.Qd6 Bxa6 25.Qxa6 Qe5+ 26.Kf2 Qxe3+ 27.Kf1 Rf8 28.Re1 Rfb8 29.Nc1
Qxc5 30.Nxb3 Rxb3 31.Qe2 Qc3 32.h3 h6 33.Kg1 Rb2 34.Qe3 Qc2 35.Rh2 Rb1 36.g4
Rxe1+ 37.Qxe1 Qxa4 38.gxf5 Qd4+ 39.Rf2 exf5 40.Qe8+ Kg7 41.Kg2 g4 42.Qe7+ Kg6
43.hxg4

[Event "13th Dubai open 2011"]
[Site "Dubai Chess club"]
[Date "2011.04.14"]
[Round "5"]
[Board "1"]
[White "Huschenbeth, Niclas"]
[Black "Nemcova, Katerina"]
[Result "1-0"]
[WhiteElo "2465"]
[BlackElo "2289"]
[PlyCount "105"]
[EventDate "2011.04.10"]
[EventRounds "9"]
[EventCountry "UAE"]

1.e4 e5 2.Nf3 Nc6 3.Nc3 Nf6 4.Bb5 Bb4 5.O-O O-O 6.d3 d6 7.Bg5 Bxc3 8.bxc3 Ne7
9.Nh4 Ng6 10.Nxg6 fxg6 11.Bc4+ Kh8 12.f4 Qe8 13.Rb1 b6 14.Qd2 Be6 15.Bb3 Qd7
16.fxe5 dxe5 17.Bxe6 Qxe6 18.c4 Rf7 19.Rf3 Raf8 20.Rbf1 Kg8 21.Qb4 c5 22.Qc3 Qd6
23.h3 Qe6 24.a4 Qd6 25.Be3 h6 26.a5 Nd7 27.Rxf7 Rxf7 28.Ra1 Kh7 29.axb6 axb6
30.Ra7 Qf6 31.Qa1 Qh4 32.Kh2 Qf6 33.Rc7 g5 34.Qd1 Nf8 35.Rc8 Ng6 36.Ra8 Nf4
37.Ra6 Qd8 38.Qg4 h5 39.Qg3 g6 40.Ra1 Qf6 41.Qf2 Qe6 42.Rf1 Kg7 43.Qg3 Qe7
44.Bc1 Kh6 45.Rf3 Kg7 46.Rf1 Kh6 47.Bd2 Qe6 48.Qf3 g4 49.hxg4 hxg4 50.Qf2 Rh7
51.Bxf4+ exf4 52.Qxf4+ Kh5 53.Kg3

[Event "13th Dubai open 2011"]
[Site "Dubai Chess club"]
[Date "2011.04.14"]
[Round "5"]
[Board "1"]
[White "Grigoryan, Karen H"]
[Black "Guidez, Yann-Michael"]
[Result "1-0"]
[WhiteElo "2463"]
[BlackElo "2247"]
[PlyCount "85"]
[EventDate "2011.04.10"]
[EventRounds "9"]
[EventCountry "UAE"]

1.e4 c5 2.Nf3 d6 3.d4 cxd4 4.Nxd4 Nf6 5.Nc3 a6 6.Be3 Ng4 7.Bg5 h6 8.Bh4 g5 9.Bg3
Nc6 10.Be2 Nge5 11.h4 Nxd4 12.Qxd4 Bg7 13.Qe3 Qa5 14.hxg5 hxg5 15.Rxh8+ Bxh8
16.Kf1 Ng6 17.Nd5 Bxb2 18.Qxg5 Kf8 19.Rb1 Bg7 20.Bh5 Qxa2 21.Re1 Be6 22.Bxg6
Bxd5 23.exd5 Bf6 24.Qh6+ Bg7 25.Qf4 Qxd5 26.c4 e5 27.Qe4 Qxe4 28.Bxe4 Rb8 29.Rb1
b5 30.Rb4 Ke7 31.Bc6 Rb6 32.cxb5 Ke6 33.f3 d5 34.Bf2 d4 35.Be1 f5 36.Rb1 axb5
37.Bxb5 Rd6 38.Bd3 Bh6 39.Ke2 Kf6 40.Ba5 Bf4 41.Rb8 e4 42.fxe4 fxe4 43.Rf8+

[Event "13th Dubai open 2011"]
[Site "Dubai Chess club"]
[Date "2011.04.14"]
[Round "5"]
[Board "1"]
[White "Roy, Chowdhury Saptarshi"]
[Black "Das, Sayantan"]
[Result "1-0"]
[WhiteElo "2459"]
[BlackElo "2268"]
[PlyCount "87"]
[EventDate "2011.04.10"]
[EventRounds "9"]
[EventCountry "UAE"]

1.d4 d5 2.Nf3 Nf6 3.c4 e6 4.Nc3 c6 5.cxd5 exd5 6.h3 Bf5 7.Bg5 Be7 8.e3 h6 9.Bxf6
Bxf6 10.Bd3 Bxd3 11.Qxd3 Be7 12.O-O Nd7 13.Ne2 a5 14.Ne5 O-O 15.Ng3 Re8 16.f4
Nf8 17.Rf3 f6 18.Ng6 Qd7 19.Nh5 Bd6 20.Rg3 Qf7 21.Qf5 Nxg6 22.Rxg6 Bf8 23.Nxf6+
Kh8 24.Qh5 Re7 25.Ng4 Kh7 26.f5 c5 27.dxc5 Rc8 28.Rc1 Rec7 29.Kh1 Re7 30.b3 Rcc7
31.a3 Re4 32.b4 axb4 33.axb4 Rce7 34.c6 Rc7 35.b5 b6 36.Rd1 Ra7 37.Rf1 Re8
38.Qh4 Re4 39.Qg3 Bc5 40.Ne5 Qf8 41.Re6 Re7 42.Ng6 Qf7 43.Nxe7 Rxe6 44.Qg6+

[Event "13th Dubai open 2011"]
[Site "Dubai Chess club"]
[Date "2011.04.14"]
[Round "5"]
[Board "1"]
[White "Atabayev, Yusup"]
[Black "Gutov, Andrey"]
[Result "1/2-1/2"]
[WhiteElo "2319"]
[BlackElo "2445"]
[PlyCount "81"]
[EventDate "2011.04.10"]
[EventRounds "9"]
[EventCountry "UAE"]

1.e4 e6 2.d4 d5 3.Nc3 Nf6 4.e5 Nfd7 5.Nf3 c5 6.dxc5 Nc6 7.Bf4 Bxc5 8.Bd3 f6
9.exf6 Qxf6 10.Bg5 Qf7 11.Qe2 O-O 12.O-O-O h6 13.Bh4 Bb4 14.Bg3 Bxc3 15.bxc3 Qe7
16.Kb1 Nc5 17.Qd2 a6 18.Ka1 Na4 19.Rb1 Qf6 20.Rb3 e5 21.Be2 e4 22.Bh4 g5 23.Nxg5
hxg5 24.Bxg5 Qe5 25.Be3 Be6 26.f4 exf3 27.gxf3 Rf7 28.f4 Qf6 29.Rg1+ Rg7
30.Rxg7+ Qxg7 31.f5 Bf7 32.Bd4 Nxd4 33.cxd4 Qf6 34.Qb4 Re8 35.Rg3+ Kh7 36.Rh3+
Kg8 37.Rg3+ Kh7 38.Rh3+ Kg8 39.Rg3+ Kh7 40.Rh3+ Bh5 41.Bxh5